[Event "18th Izmir Open 2019"]
[Site "Izmir"]
[Date "2019.09.03"]
[Round "3.3"]
[White "Kaya, Enes"]
[Black "Soysal, Serkan"]
[Result "0-1"]
[WhiteElo "1937"]
[BlackElo "2401"]
[Annotator "TA"]
[PlyCount "66"]
[EventDate "2019.09.02"]
[EventType "swiss"]
[EventCountry "TUR"]
[SourceTitle "playchess.com"]
[Source "ChessBase"]
[SourceQuality "1"]

{[%evp 9,66,-6,9,9,33,19,31,31,45,-12,0,-14,0,0,0,0,0,10,0,-16,38,31,24,0,12,0,14,-88,-90,-84,-86,-122,-37,-41,0,-110,-117,-118,-117,-142,-137,-203,-207,-269,-252,-290,-256,-275,-252,-231,-240,-256,-273,-292,-298,-265,-254,-249,-247]} 1. e4 e6 2. d4 d5 3. Nd2 h6 (3... c5 4. Ngf3 cxd4 5. Nxd4 Nc6 6. Bb5 Bd7 7. Nxc6 bxc6 8. Bd3 Qc7 9. Qe2 Ne7 10. O-O Ng6 11. Nf3 Bd6 12. c4 dxe4 13. Bxe4 O-O 14. Rd1 Rad8 15. h3 c5 16. b3 Bc6 {0-1 (40) Nepomniachtchi,I (2763)-Vitiugov,N (2719) St Petersburg 2018}) 4. Bd3 c5 5. c3 Nc6 6. Ngf3 {C03: French Tarrasch: Unusual Black 3rd moves} Nf6 7. e5 Nd7 8. O-O {White is slightly better.} g5 9. dxc5 (9. b3 $14) 9... Bxc5 $146 ({Predecessor:} 9... Nxc5 10. Bb5 a6 11. Bxc6+ bxc6 {1-0 (32) Torres Gonzalez,J (2176)-Ochoa de la Rosa,M (2261) Varadero 2016}) 10. Nb3 Bf8 11. Re1 Bg7 {[%cal Rd7e5]} 12. Bb5 a6 13. Bxc6 bxc6 14. Be3 a5 (14... Bf8 $11) 15. Nc5 $14 g4 16. Nd2 Nxe5 17. Bd4 {[#] Qa4 is the strong threat.} Qg5 18. Qe2 (18. Qa4 $11 O-O 19. Bxe5 Bxe5 20. Qxc6) 18... f6 $17 19. c4 O-O 20. Na4 Ba6 (20... Rb8 $17 21. Rad1 Rf7) 21. Nc5 $15 Bc8 ({Black should play} 21... Bxc4 $15 22. Qe3 Qxe3 23. Rxe3 Rfe8) 22. Na4 $1 $17 Rb8 23. Bc5 Re8 24. Bd6 Rb7 25. Bxe5 (25. Rac1 $17) 25... fxe5 $19 26. cxd5 exd5 27. Nb3 Rb4 28. Qc2 Rc4 ({And not} 28... Rxa4 29. Qxc6 Rf8 30. Qxa4 $16) 29. Nc3 Bf5 30. Qe2 Ra8 31. Rad1 a4 32. Nd2 Rb4 33. Nf1 Be6 {Accuracy: White = 51%, Black = 57%.} 0-1

[Event "18th Izmir Open 2019"]
[Site "Izmir"]
[Date "2019.09.03"]
[Round "3.4"]
[White "Koksal, Ege"]
[Black "Kayan, Veli"]
[Result "1-0"]
[WhiteElo "2375"]
[BlackElo "1928"]
[Annotator "TA"]
[PlyCount "111"]
[EventDate "2019.09.02"]
[EventType "swiss"]
[EventCountry "TUR"]
[SourceTitle "playchess.com"]
[Source "ChessBase"]
[SourceQuality "1"]

{[%evp 11,111,12,34,10,6,9,15,0,0,0,0,0,1,0,33,32,50,43,53,14,23,29,52,12,20,0,0,0,48,12,116,4,116,117,121,82,96,43,177,186,178,184,173,170,177,176,172,126,242,227,220,190,239,232,222,219,307,296,338,342,362,266,255,145,217,220,202,129,131,124,154,102,229,222,273,256,239,252,245,257,352,316,367,364,347,335,793,743,1374,1013,29981,29982,6195,662,5110,5106,29982,29983,29990,29991,29991,29989]} 1. d4 d5 2. c4 c6 3. Nc3 Nf6 4. Nf3 a6 5. a4 e6 6. Bg5 Bb4 7. Qb3 {D15: Slav Defence: 4 Nc3 a6 and gambit lines after 4 Nc3 dxc4} (7. e3 Qa5 8. Bxf6 Bxc3+ 9. bxc3 Qxc3+ 10. Nd2 gxf6 11. Be2 Qa5 12. e4 dxe4 13. O-O Qd8 14. Nxe4 f5 {½-½ (58) Carlsen,M (2813)-Gashimov,V (2740) Nice 2010}) 7... a5 8. e3 Nbd7 9. Be2 {The position is equal.} h6 10. Bh4 g5 11. Bg3 Ne4 12. O-O-O $146 ({Predecessor:} 12. Ne5 Nxg3 13. hxg3 Nxe5 14. dxe5 Qc7 {1-0 (28) Borsuk,K (2297)-Cherny,O (2063) Moscow 2008}) 12... Bxc3 (12... h5 {keeps more tension.} 13. cxd5 Nxg3 14. hxg3 exd5 15. Na2 Qe7) 13. bxc3 Qe7 14. Nd2 dxc4 15. Bxc4 (15. Qb2 {is interesting.} Nxg3 16. hxg3 Rb8 17. Nxc4 b6 18. e4) 15... Nxg3 16. hxg3 Kf8 17. f4 b5 18. Bd3 $36 {[%mdl 2048] White is pushing.} bxa4 19. Qa2 Nb6 20. Ne4 Nd5 {[#]} (20... gxf4 $11 {remains equal.} 21. exf4 (21. gxf4 Nd5 $11) 21... a3) 21. Kd2 (21. fxg5 $1 $16 a3 22. Kd2 (22. gxh6 e5 $16) (22. Rxh6 Rxh6 23. gxh6 f5 $14)) 21... Ba6 (21... gxf4 $11 22. gxf4 Rg8) 22. Bxa6 $16 Rxa6 23. Rb1 Kg7 24. fxg5 (24. Qxa4 $16 {Threatens to win with fxg5.} Qd8 25. Kd3) 24... e5 (24... Rb6 $1 $14) 25. Qc4 $18 Rb6 26. Rxb6 ({Inferior is} 26. Qxa4 hxg5 27. Rxh8 Rxb1 $11) 26... Nxb6 27. Qxc6 {[%cal Rg5h6][%mdl 64] Double Attack} Qe6 28. Qxe6 fxe6 {[%mdl 4096] Endgame KRN-KRN} 29. Rb1 Rb8 (29... a3 $16 30. gxh6+ Rxh6) 30. gxh6+ Kxh6 31. Kd3 a3 32. Ra1 ({Much less strong is} 32. dxe5 $6 Nd7) 32... exd4 33. exd4 e5 (33... Rc8 $142 34. Rxa3 a4) 34. dxe5 Kg6 35. Rxa3 a4 36. Nd6 Nd7 37. Nc4 (37. Kd4 $18) 37... Kf5 {[#]} (37... Kf7 $16 {was called for.} 38. Kd4 Rd8) 38. Kd4 $1 Rd8 {next ...Nxe5+ is good for Black.} 39. g4+ Ke6 {...Nxe5+ would now be nice for Black.} 40. Ke3 Nc5 41. Nb2 ({White should try} 41. Nb6) 41... Kxe5 (41... Ra8 $16 {was necessary.} 42. Kd4 Nb3+ 43. Ke4 Nc5+ 44. Kd4 Nb3+ 45. Kc4 Rc8+ 46. Kd3 Ra8) 42. Nxa4 Ne6 43. Nb2 Rc8 44. Nd3+ Kf6 45. Nf2 Kg5 46. g3 Kg6 47. Ne4 {And now Ra6 would win.} Kg7 48. Ra7+ Kh8 $2 (48... Kf8 49. Ra5 Rc7 50. Rf5+ Kg7) 49. g5 Ng7 50. g6 Nf5+ 51. Kf4 Ng7 52. Ra1 {aiming for Rh1+.} Rf8+ 53. Kg4 Nf5 54. Kg5 {White mates.} Kg7 55. Ra7+ Kh8 56. Rh7+ {Accuracy: White = 48%, Black = 28%.} 1-0

[Event "18th Izmir Open 2019"]
[Site "Izmir"]
[Date "2019.09.03"]
[Round "3.5"]
[White "Kamer, Kayra"]
[Black "Degirmenci, Yagiz"]
[Result "1-0"]
[WhiteElo "2304"]
[BlackElo "1871"]
[Annotator "TA"]
[PlyCount "32"]
[EventDate "2019.09.02"]
[EventType "swiss"]
[EventCountry "TUR"]
[SourceTitle "playchess.com"]
[Source "ChessBase"]
[SourceQuality "1"]

{[%evp 10,32,39,0,51,51,109,113,121,110,141,125,125,125,119,131,127,125,131,130,125,91,150,153,152]} 1. e4 c6 2. d4 d5 3. f3 dxe4 4. fxe4 e5 5. Nf3 exd4 6. Bc4 Qa5+ {B12: Caro-Kann: Advance Variation} (6... Nf6 $11) (6... Be7 7. O-O Qa5 8. e5 Nd7 9. Nbd2 Nh6 10. Ne4 Nxe5 11. Bd2 Nxf3+ 12. Qxf3 Qf5 13. Qd3 Qg6 14. Bxh6 Qxh6 15. Bxf7+ {1-0 (26) Perunovic,M (2631)-Lajthajm,B (2539) Subotica 2014}) 7. Nbd2 $14 Bg4 {[#]} (7... Nf6 $14) 8. O-O $1 $16 {aiming for Bxf7+!} Qh5 $146 {White is better.} ({Predecessor:} 8... Nf6 9. Nb3 Qc7 10. Qxd4 Bxf3 11. gxf3 Nbd7 12. e5 Nd5 13. Bxd5 cxd5 14. Qxd5 {1-0 (24) Roe,P (1786)-Ropokis,D (1848) FICGS email 2010}) 9. h3 Be6 10. Bxe6 fxe6 11. Nxd4 Qxd1 12. Rxd1 Bc5 13. N2b3 Nd7 14. Nxc5 Nxc5 15. b4 Nxe4 (15... e5 $142) 16. Nxe6 {[#] Black must now prevent Nc7+.} Kf7 1-0

[Event "18th Izmir Open 2019"]
[Site "Izmir"]
[Date "2019.09.03"]
[Round "3.6"]
[White "Demir, Baran"]
[Black "Isik, Alparslan"]
[Result "1-0"]
[WhiteElo "1859"]
[BlackElo "2200"]
[Annotator "NA"]
[PlyCount "68"]
[EventDate "2019.09.02"]
[EventType "swiss"]
[EventCountry "TUR"]
[SourceTitle "playchess.com"]
[Source "ChessBase"]
[SourceQuality "1"]
[TimeControl "5400+30"]

1. c4 {[%emt 0:02:30]} g6 {[%emt 0:00:30]} 2. e4 {[%emt 0:02:30]} Bg7 {[%emt 0:00:30]} 3. d4 {[%emt 0:00:30]} d6 {[%emt 0:00:30]} 4. Nc3 {[%emt 0:00:00]} e5 {[%emt 0:01:30]} 5. d5 {[%emt 0:02:00]} Ne7 {[%emt 0:02:30]} 6. h3 {[%emt 0:00:30]} O-O {[%emt 0:00:30]} 7. g4 {[%emt 0:06:30]} a5 {[%emt 0:05:30]} 8. Nge2 {[%emt 0:00:30]} Na6 {[%emt 0:02:30]} 9. Ng3 {[%emt 0:01:30]} Nc5 {[%emt 0:02:30]} 10. Be3 {[%emt 0:02:30]} Bd7 {[%emt 0:00:30]} 11. Qd2 {[%emt 0:01:30]} c6 {[%emt 0:08:30]} 12. Be2 {[%emt 0:00:30]} a4 {[%emt 0:02:30]} 13. h4 {[%emt 0:02:30]} cxd5 {[%emt 0:01:30]} 14. cxd5 {[%emt 0:00:30]} Qa5 {[%emt 0:03:30]} 15. h5 {[%emt 0:01:30]} b5 {[%emt 0:07:30]} 16. Bh6 {[%emt 0:09:30]} a3 {[%emt 0:13:30]} 17. hxg6 {[%emt 0:11:30]} fxg6 {[%emt 0:00:30]} 18. b3 {[%emt 0:07:30]} Bxh6 {[%emt 0:01:30]} 19. Rxh6 {[%emt 0:02:30]} Rac8 {[%emt 0:09:30]} 20. Rc1 {[%emt 0:01:30]} Nb7 {[%emt 0:03:30]} 21. Nf5 {[%emt 0:02:30]} Nxf5 {[%emt 0:07:30]} 22. gxf5 {[%emt 0:01:30]} Kg7 {[%emt 0:00:30]} 23. Rh3 {[%emt 0:03:30]} h5 {[%emt 0:05:03]} 24. Rxh5 {[%emt 0:00:30]} Rf6 {[%emt 0:16:06]} 25. Qh6+ {[%emt 0:14:30]} Kf7 {[%emt 0:00:00]} 26. fxg6+ {[%emt 0:00:30]} Rxg6 {[%emt 0:02:11]} 27. Qh7+ {[%emt 0:00:00]} Rg7 {[%emt 0:01:10]} 28. Rf5+ {[%emt 0:00:00]} Bxf5 {[%emt 0:00:56]} 29. Qxf5+ {[%emt 0:00:30]} Ke7 {[%emt 0:00:00]} 30. Qxc8 {[%emt 0:00:00]} Nc5 {[%emt 0:00:12]} 31. Kf1 {[%emt 0:04:00]} Rf7 {[%emt 0:01:49]} 32. Nxb5 {[%emt 0:02:19]} Rf8 {[%emt 0:00:58]} 33. Qg4 {[%emt 0:00:59]} Qd2 {[%emt 0:00:27]} 34. Rxc5 {[%emt 0:00:19]} dxc5 {[%emt 0:00:24]} 1-0

[Event "18th Izmir Open 2019"]
[Site "Izmir"]
[Date "2019.09.03"]
[Round "3.7"]
[White "Annaberdiyev, Babageldi"]
[Black "Asilkefeli, Hasan"]
[Result "1-0"]
[WhiteElo "2205"]
[BlackElo "1925"]
[Annotator "NA"]
[PlyCount "139"]
[EventDate "2019.09.02"]
[EventType "swiss"]
[EventCountry "TUR"]
[SourceTitle "playchess.com"]
[Source "ChessBase"]
[SourceQuality "1"]
[TimeControl "5400+30"]

1. e4 {[%emt 0:00:30]} c5 {[%emt 0:00:30]} 2. Nf3 {[%emt 0:00:00]} Nc6 {[%emt 0:00:00]} 3. d3 {[%emt 0:00:00]} g6 {[%emt 0:00:00]} 4. g3 {[%emt 0:00:30]} Bg7 {[%emt 0:00:30]} 5. Bg2 {[%emt 0:00:00]} Nf6 {[%emt 0:01:30]} 6. O-O {[%emt 0:00:00]} d5 {[%emt 0:03:30]} 7. Nbd2 {[%emt 0:00:30]} O-O {[%emt 0:01:30]} 8. Re1 {[%emt 0:00:00]} d4 {[%emt 0:10:30]} 9. a4 {[%emt 0:00:00]} e5 {[%emt 0:00:30]} 10. Nc4 {[%emt 0:00:30]} Ne8 {[%emt 0:00:30]} 11. b3 {[%emt 0:01:30]} Nd6 {[%emt 0:01:30]} 12. Nfd2 {[%emt 0:00:30]} Be6 {[%emt 0:25:30]} 13. Nxd6 {[%emt 0:14:30]} Qxd6 {[%emt 0:00:30]} 14. Nc4 {[%emt 0:00:30]} Qc7 {[%emt 0:00:30]} 15. f4 {[%emt 0:00:30]} f6 {[%emt 0:00:30]} 16. Rf1 {[%emt 0:00:30]} a6 {[%emt 0:00:30]} 17. f5 {[%emt 0:00:30]} Bxc4 {[%emt 0:07:30]} 18. bxc4 {[%emt 0:00:30]} g5 {[%emt 0:00:00]} 19. Bd2 {[%emt 0:02:30]} a5 {[%emt 0:02:00]} 20. Bf3 {[%emt 0:00:30]} Kf7 {[%emt 0:15:30]} 21. Kg2 {[%emt 0:00:30]} Ke7 {[%emt 0:00:00]} 22. Rh1 {[%emt 0:00:30]} Kd6 {[%emt 0:03:00]} 23. Qb1 {[%emt 0:00:30]} Nb4 {[%emt 0:02:30]} 24. h4 {[%emt 0:00:30]} h6 {[%emt 0:01:30]} 25. Qb3 {[%emt 0:00:30]} Kc6 {[%emt 0:04:07]} 26. Rh2 {[%emt 0:00:30]} b6 {[%emt 0:00:29]} 27. Rah1 {[%emt 0:00:30]} Rh8 {[%emt 0:01:09]} 28. Bh5 {[%emt 0:00:30]} Qd7 {[%emt 0:00:43]} 29. Kf2 {[%emt 0:00:30]} Qe7 {[%emt 0:00:38]} 30. Ke1 {[%emt 0:00:30]} Qd7 {[%emt 0:00:14]} 31. Kd1 {[%emt 0:00:30]} Qe7 {[%emt 0:00:41]} 32. Kc1 {[%emt 0:00:30]} Qd7 {[%emt 0:00:28]} 33. Kb2 {[%emt 0:00:30]} Qe7 {[%emt 0:00:04]} 34. Qa3 {[%emt 0:00:30]} Qd7 {[%emt 0:00:12]} 35. Qa1 {[%emt 0:00:30]} Qe7 {[%emt 0:00:15]} 36. Bg6 {[%emt 0:00:30]} Kd6 {[%emt 0:05:08]} 37. hxg5 {[%emt 0:01:30]} hxg5 {[%emt 0:00:20]} 38. Rh7 {[%emt 0:00:30]} Rxh7 {[%emt 0:01:12]} 39. Rxh7 {[%emt 0:00:30]} Rh8 {[%emt 0:00:16]} 40. Qh1 {[%emt 0:02:30]} Qf8 {[%emt 0:01:36]} 41. Qh5 {[%emt 0:05:30]} Rxh7 {[%emt 0:00:55]} 42. Bxh7 {[%emt 0:00:30]} Bh6 {[%emt 0:00:36]} 43. Qg6 {[%emt 0:01:30]} Ke7 {[%emt 0:00:07]} 44. Bg8 {[%emt 0:03:30]} Qg7 {[%emt 0:04:24]} 45. Bd5 {[%emt 0:00:30]} Qxg6 {[%emt 0:01:02]} 46. fxg6 {[%emt 0:00:30]} Bg7 {[%emt 0:00:14]} 47. Bxb4 {[%emt 0:03:30]} axb4 {[%emt 0:01:24]} 48. Kb3 {[%emt 0:00:30]} Kd6 {[%emt 0:00:43]} 49. a5 {[%emt 0:00:30]} bxa5 {[%emt 0:02:11]} 50. Ka4 {[%emt 0:00:00]} Bh6 {[%emt 0:00:00]} 51. Kxa5 {[%emt 0:00:00]} Bg7 {[%emt 0:00:27]} 52. Kb6 {[%emt 0:00:30]} Bf8 {[%emt 0:00:16]} 53. Kb7 {[%emt 0:00:00]} Kd7 {[%emt 0:02:54]} 54. Bc6+ {[%emt 0:01:00]} Kd8 {[%emt 0:01:28]} 55. Ba4 {[%emt 0:00:30]} Ke7 {[%emt 0:00:12]} 56. Kc6 {[%emt 0:00:30]} Ke6 {[%emt 0:00:09]} 57. Kc7 {[%emt 0:00:30]} f5 {[%emt 0:01:12]} 58. Bd7+ {[%emt 0:00:30]} Kf6 {[%emt 0:00:05]} 59. Bxf5 {[%emt 0:00:30]} Bg7 {[%emt 0:00:05]} 60. Kc6 {[%emt 0:01:30]} Bf8 {[%emt 0:00:06]} 61. g4 {[%emt 0:00:30]} Be7 {[%emt 0:02:17]} 62. Kd5 {[%emt 0:00:30]} Bf8 {[%emt 0:00:02]} 63. Be6 {[%emt 0:02:30]} Kxg6 {[%emt 0:00:25]} 64. Kxe5 {[%emt 0:00:00]} Kg7 {[%emt 0:00:14]} 65. Bd5 {[%emt 0:00:00]} Be7 {[%emt 0:00:03]} 66. Ke6 {[%emt 0:00:30]} Kf8 {[%emt 0:00:01]} 67. Bc6 {[%emt 0:00:30]} Bd8 {[%emt 0:00:07]} 68. Kd7 {[%emt 0:02:30]} Bf6 {[%emt 0:00:07]} 69. Bd5 {[%emt 0:00:00]} Be7 {[%emt 0:00:16]} 70. e5 {[%emt 0:00:00]} 1-0

[Event "18th Izmir Open 2019"]
[Site "Izmir"]
[Date "2019.09.03"]
[Round "3.8"]
[White "Gonullu, Muhammed Sinan"]
[Black "Yilmaz, Turhan"]
[Result "1/2-1/2"]
[WhiteElo "1796"]
[BlackElo "2180"]
[Annotator "NA"]
[PlyCount "146"]
[EventDate "2019.09.02"]
[EventType "swiss"]
[EventCountry "TUR"]
[SourceTitle "playchess.com"]
[Source "ChessBase"]
[SourceQuality "1"]
[TimeControl "5400+30"]

1. d4 {[%emt 0:02:30]} Nf6 {[%emt 0:10:30]} 2. Bg5 {[%emt 0:00:30]} g6 {[%emt 0:00:30]} 3. Bxf6 {[%emt 0:00:30]} exf6 {[%emt 0:00:00]} 4. e3 {[%emt 0:00:00]} f5 {[%emt 0:00:00]} 5. g3 {[%emt 0:00:00]} Bg7 {[%emt 0:00:30]} 6. Bg2 {[%emt 0:00:00]} O-O {[%emt 0:00:00]} 7. Ne2 {[%emt 0:00:00]} d6 {[%emt 0:00:00]} 8. O-O {[%emt 0:00:30]} Re8 {[%emt 0:00:30]} 9. c4 {[%emt 0:00:00]} c6 {[%emt 0:00:30]} 10. Nbc3 {[%emt 0:00:00]} Nd7 {[%emt 0:00:00]} 11. Qd3 {[%emt 0:00:00]} Nf6 {[%emt 0:00:00]} 12. b4 {[%emt 0:00:00]} Bd7 {[%emt 0:00:00]} 13. a4 {[%emt 0:00:00]} a5 {[%emt 0:00:00]} 14. b5 {[%emt 0:00:00]} Qc7 {[%emt 0:00:30]} 15. Rab1 {[%emt 0:00:30]} h5 {[%emt 0:00:00]} 16. Rb2 {[%emt 0:00:30]} h4 {[%emt 0:03:00]} 17. bxc6 {[%emt 0:04:30]} bxc6 {[%emt 0:00:30]} 18. Rfb1 {[%emt 0:00:30]} hxg3 {[%emt 0:00:30]} 19. hxg3 {[%emt 0:00:30]} Ra7 {[%emt 0:00:30]} 20. d5 {[%emt 0:00:30]} c5 {[%emt 0:00:30]} 21. Nb5 {[%emt 0:00:30]} Bxb5 {[%emt 0:00:30]} 22. Rxb5 {[%emt 0:00:30]} Ng4 {[%emt 0:00:30]} 23. Qb3 {[%emt 0:00:30]} Qe7 {[%emt 0:00:30]} 24. Nf4 {[%emt 0:00:30]} Qf6 {[%emt 0:07:30]} 25. Rb8 {[%emt 0:00:30]} Ra8 {[%emt 0:00:30]} 26. Rxa8 {[%emt 0:02:30]} Rxa8 {[%emt 0:03:30]} 27. Bf3 {[%emt 0:00:30]} Ne5 {[%emt 0:06:30]} 28. Be2 {[%emt 0:00:30]} Bh6 {[%emt 0:02:30]} 29. Ng2 {[%emt 0:01:30]} g5 {[%emt 0:01:30]} 30. f4 {[%emt 0:01:30]} Ng6 {[%emt 0:00:30]} 31. Bd3 {[%emt 0:00:30]} gxf4 {[%emt 0:00:30]} 32. exf4 {[%emt 0:03:30]} Kh8 {[%emt 0:01:30]} 33. Qc2 {[%emt 0:00:30]} Ne7 {[%emt 0:01:30]} 34. Qb2 {[%emt 0:00:30]} Bg7 {[%emt 0:01:30]} 35. Qxf6 {[%emt 0:00:30]} Bxf6 {[%emt 0:00:00]} 36. Rb6 {[%emt 0:03:30]} Rd8 {[%emt 0:00:00]} 37. Kf2 {[%emt 0:00:30]} Kg7 {[%emt 0:00:30]} 38. Rb5 {[%emt 0:00:30]} Bc3 {[%emt 0:00:30]} 39. Nh4 {[%emt 0:00:30]} Kf6 {[%emt 0:00:30]} 40. Rb7 {[%emt 0:00:30]} Bb4 {[%emt 0:02:30]} 41. Nf3 {[%emt 0:00:30]} Ng8 {[%emt 0:00:30]} 42. Ng5 {[%emt 0:02:30]} Nh6 {[%emt 0:04:30]} 43. Be2 {[%emt 0:00:30]} Bc3 {[%emt 0:00:30]} 44. Bh5 {[%emt 0:00:00]} Bd4+ {[%emt 0:00:30]} 45. Kg2 {[%emt 0:01:00]} Re8 {[%emt 0:02:30]} 46. Nxf7 {[%emt 0:00:30]} Ng4 {[%emt 0:00:30]} 47. Bxg4 {[%emt 0:00:30]} fxg4 {[%emt 0:00:30]} 48. Nxd6 {[%emt 0:03:30]} Re1 {[%emt 0:02:30]} 49. Rf7+ {[%emt 0:04:30]} Kg6 {[%emt 0:00:30]} 50. f5+ {[%emt 0:00:30]} Kh6 {[%emt 0:02:30]} 51. Nb5 {[%emt 0:03:30]} Rg1+ {[%emt 0:02:30]} 52. Kh2 {[%emt 0:00:00]} Rd1 {[%emt 0:00:00]} 53. Nxd4 {[%emt 0:06:00]} Rxd4 {[%emt 0:00:00]} 54. Rc7 {[%emt 0:00:30]} Kg5 {[%emt 0:07:30]} 55. Rxc5 {[%emt 0:00:30]} Kxf5 {[%emt 0:00:00]} 56. d6+ {[%emt 0:00:30]} Ke6 {[%emt 0:00:00]} 57. Rxa5 {[%emt 0:01:30]} Rxc4 {[%emt 0:01:30]} 58. Ra8 {[%emt 0:04:30]} Kxd6 {[%emt 0:01:30]} 59. a5 {[%emt 0:00:30]} Ra4 {[%emt 0:00:30]} 60. Kg2 {[%emt 0:01:30]} Ra2+ {[%emt 0:00:00]} 61. Kf1 {[%emt 0:00:00]} Kc6 {[%emt 0:01:00]} 62. a6 {[%emt 0:00:00]} Kb6 {[%emt 0:02:30]} 63. a7 {[%emt 0:00:30]} Ra4 {[%emt 0:04:30]} 64. Kf2 {[%emt 0:00:30]} Kb7 {[%emt 0:00:30]} 65. Rf8 {[%emt 0:00:30]} Kxa7 {[%emt 0:00:30]} 66. Rf4 {[%emt 0:00:30]} Ra2+ {[%emt 0:00:00]} 67. Ke1 {[%emt 0:00:00]} Kb6 {[%emt 0:00:00]} 68. Rxg4 {[%emt 0:00:00]} Kc5 {[%emt 0:00:00]} 69. Rf4 {[%emt 0:00:00]} Kd5 {[%emt 0:00:00]} 70. Kf1 {[%emt 0:00:00]} Ke5 {[%emt 0:00:30]} 71. Rf8 {[%emt 0:00:30]} Ke6 {[%emt 0:00:00]} 72. g4 {[%emt 0:00:30]} Ra4 {[%emt 0:00:00]} 73. g5 {[%emt 0:00:30]} Rg4 {[%emt 0:00:30]} 1/2-1/2

[Event "18th Izmir Open 2019"]
[Site "Izmir"]
[Date "2019.09.03"]
[Round "3.9"]
[White "Demirbag, Alihan"]
[Black "Onturk, Senan Utku"]
[Result "1-0"]
[WhiteElo "2121"]
[BlackElo "1797"]
[Annotator "NA"]
[PlyCount "43"]
[EventDate "2019.09.02"]
[EventType "swiss"]
[EventCountry "TUR"]
[SourceTitle "playchess.com"]
[Source "ChessBase"]
[SourceQuality "1"]
[TimeControl "5400+30"]

1. c4 {[%emt 0:00:30]} Nf6 {[%emt 0:01:30]} 2. Nc3 {[%emt 0:00:00]} d5 {[%emt 0:00:30]} 3. cxd5 {[%emt 0:00:00]} Nxd5 {[%emt 0:00:00]} 4. g3 {[%emt 0:00:30]} g6 {[%emt 0:02:00]} 5. Bg2 {[%emt 0:00:00]} Nxc3 {[%emt 0:00:30]} 6. bxc3 {[%emt 0:00:00]} Bg7 {[%emt 0:00:00]} 7. Nf3 {[%emt 0:01:30]} O-O {[%emt 0:01:00]} 8. O-O {[%emt 0:00:00]} c5 {[%emt 0:00:00]} 9. Rb1 {[%emt 0:02:00]} Nc6 {[%emt 0:01:00]} 10. Rb5 {[%emt 0:05:30]} c4 {[%emt 0:06:30]} 11. Qa4 {[%emt 0:06:30]} a6 {[%emt 0:00:30]} 12. Rc5 {[%emt 0:10:30]} b5 {[%emt 0:11:30]} 13. Rxb5 {[%emt 0:00:30]} axb5 {[%emt 0:00:00]} 14. Qxa8 {[%emt 0:00:30]} Qb6 {[%emt 0:00:00]} 15. Qa3 {[%emt 0:01:30]} Bb7 {[%emt 0:00:30]} 16. d4 {[%emt 0:08:30]} cxd3 {[%emt 0:00:30]} 17. exd3 {[%emt 0:00:00]} b4 {[%emt 0:11:30]} 18. cxb4 {[%emt 0:00:00]} Ra8 {[%emt 0:00:30]} 19. Qb3 {[%emt 0:00:30]} Nd4 {[%emt 0:00:00]} 20. Nxd4 {[%emt 0:00:30]} Bxg2 {[%emt 0:00:00]} 21. Kxg2 {[%emt 0:00:00]} Qxd4 {[%emt 0:00:30]} 22. Be3 {[%emt 0:01:00]} 1-0

[Event "18th Izmir Open 2019"]
[Site "Izmir"]
[Date "2019.09.04"]
[Round "4.1"]
[White "Salman, Ilhan Serhat"]
[Black "Yilmazyerli, Mert"]
[Result "1/2-1/2"]
[WhiteElo "2037"]
[BlackElo "2417"]
[Annotator "TA"]
[PlyCount "85"]
[EventDate "2019.09.02"]
[EventType "swiss"]
[EventCountry "TUR"]
[SourceTitle "playchess.com"]
[Source "ChessBase"]
[SourceQuality "1"]

{[%evp 11,85,0,10,-4,3,0,8,-14,-2,-9,-7,-7,-14,-26,-21,-44,-52,-70,-66,-68,-64,-67,-66,-64,-39,-49,0,-17,-29,-15,-7,-25,-30,-49,-29,-65,-63,-60,0,0,3,0,8,3,0,0,4,0,0,0,0,-25,-27,-116,-12,-14,-13,-10,0,-9,-6,-6,-6,-6,0,0,0,-7,-8,-13,-4,-4,-4,-8,0,0]} 1. d4 g6 2. g3 Bg7 3. Bg2 Nf6 4. Nf3 O-O 5. O-O d6 6. Nbd2 Nbd7 7. Re1 {A49: 1 d4 Nf6 2 Nf3 g6 3 g3: Anti-King's Indian systems} c5 8. c3 d5 9. e4 (9. a4 cxd4 10. cxd4 a5 11. Nb1 Nb8 12. Nc3 Nc6 13. Ne5 Bf5 14. Bg5 Nb4 15. Rc1 Ne4 16. Be3 Nxc3 17. bxc3 {1-0 (28) Kramnik,V (2800)-Dubov,D (2701) Moscow 2018}) 9... dxe4 $146 ({Predecessor:} 9... Nxe4 10. Nxe4 dxe4 {½-½ (61) Kovacevic,V (2510)-Cvitan,O (2515) Zlatibor 1989}) 10. Nxe4 Nxe4 11. Rxe4 cxd4 12. cxd4 b6 13. Rh4 {[#] Hoping for Ng5.} Bb7 14. Bh6 Bxh6 15. Rxh6 Nf6 16. Qd2 Rc8 17. Rh4 Bxf3 18. Bxf3 Kh8 19. d5 Qd6 20. Re1 e5 21. Qg5 Rfe8 22. Qh6 Kg8 23. g4 {g5 is the strong threat.} Rc4 24. Rh3 {White wants to play g5.} Qf8 ({Black should try} 24... Qd7 $15) 25. Qxf8+ $1 $11 Kxf8 26. g5 Nd7 27. Rxh7 Kg8 $1 {[%cal Rg8h7]} 28. Rh3 e4 29. Be2 Rc5 30. Rd1 Re5 {[%mdl 64] Double Attack} 31. Rh4 Rxg5+ 32. Rg4 {[#]} (32. Kf1 $11 {remains equal.}) 32... Rgxd5 ({Much worse is} 32... Rcxd5 $6 33. Rxd5 Rxd5 34. Rxe4 $11) (32... Rxg4+ $1 $17 33. Bxg4 f5) 33. Rxd5 {The position is equal.} Rxd5 34. Rxe4 $17 {[%mdl 4096] Endgame KRB-KRN} Kf8 35. Bc4 Rd2 36. b4 Nf6 37. Rf4 Ke7 38. Bb3 Nd5 39. Bxd5 Rxd5 40. Rf3 a5 41. bxa5 Rxa5 42. Rb3 Rxa2 43. Rxb6 {Accuracy: White = 52%, Black = 47%.} 1/2-1/2